[Event "Titled Tuesday intern op 23rd Apr Late"]
[Site "Chess.com INT"]
[Date "2024.04.23"]
[Round "4"]
[White "Diaz Herquinio, Brahian"]
[Black "Lewicki, Miroslaw"]
[Result "1-0"]
[WhiteElo "2051"]
[BlackElo "2339"]
[PlyCount "43"]
[EventDate "2024.04.23"]
[EventType "swiss (blitz)"]
[EventRounds "11"]
[EventCountry "USA"]
[SourceTitle "CB18_2024"]
[SourceDate "2024.05.01"]
[SourceVersion "1"]
[SourceVersionDate "2024.05.01"]
[SourceQuality "2"]

1. e4 c5 2. Nf3 d6 3. d4 cxd4 4. Nxd4 Nf6 5. Nc3 a6 6. Bg5 e6 7. f4 Qb6 8. Nb3 h6 9. Bxf6 gxf6 10. Qf3 Qc7 11. 0-0-0 b5 12. f5 Nc6 13. fxe6 fxe6 14. e5 fxe5 15. Ne4 Bb7 16. Nf6+ Kd8 17. Nc5 Kc8 18. Nxe6 Qf7 19. Qf5 Ne7 20. Rxd6 Bg7 21. Qh3 Qxf6 22. Nxg7+ 1-0

[Event "Titled Tuesday intern op 23rd Apr Late"]
[Site "Chess.com INT"]
[Date "2024.04.23"]
[Round "5"]
[White "Lewicki, Miroslaw"]
[Black "Rietze, Clemens"]
[Result "1-0"]
[WhiteElo "2339"]
[BlackElo "2367"]
[PlyCount "83"]
[EventDate "2024.04.23"]
[EventType "swiss (blitz)"]
[EventRounds "11"]
[EventCountry "USA"]
[SourceTitle "CB18_2024"]
[SourceDate "2024.05.01"]
[SourceVersion "1"]
[SourceVersionDate "2024.05.01"]
[SourceQuality "2"]

1. g3 d5 2. Bg2 c5 3. Nf3 Nc6 4. 0-0 e5 5. d3 Be7 6. c3 h5 7. e4 d4 8. cxd4 cxd4 9. h4 Nh6 10. Nbd2 Be6 11. Nc4 Qc7 12. Ng5 Bxc4 13. dxc4 Ng4 14. a3 a5 15. Bd2 a4 16. b4 axb3 17. Qxb3 0-0 18. Rfb1 Rfb8 19. Bf3 Na5 20. Qb5 Nf6 21. Be2 Nc6 22. c5 Ng4 23. Bc4 Nd8 24. Qe8+ Bf8 25. Rb6 Nh6 26. Rg6 Qe7 27. Qb5 Kh8 28. Rd6 Nc6 29. Rxh6+ gxh6 30. Nxf7+ Kh7 31. Nd6 Qd7 32. Be2 Bxd6 33. cxd6 Qxd6 34. Bxh5 Rf8 35. Qxb7+ Kh8 36. Rc1 Na5 37. Bxa5 Rxa5 38. Rc7 Qxc7 39. Qxc7 Ra6 40. Qe7 Raf6 41. Qxe5 d3 42. f4 1-0

[Event "Titled Tuesday intern op 12th Mar Early"]
[Site "Chess.com INT"]
[Date "2024.03.12"]
[Round "5"]
[White "Lewicki, Miroslaw"]
[Black "Muradli, Mahammad"]
[Result "0-1"]
[WhiteElo "2339"]
[BlackElo "2555"]
[PlyCount "110"]
[EventDate "2024.03.12"]
[EventType "swiss (blitz)"]
[EventRounds "11"]
[EventCountry "USA"]
[SourceTitle "CB12_2024"]
[SourceDate "2023.10.01"]
[SourceVersion "1"]
[SourceVersionDate "2023.10.01"]
[SourceQuality "1"]

1. b3 c5 2. Bb2 Nc6 3. Nf3 d5 4. e3 b6 5. d4 Bb7 6. dxc5 bxc5 7. Bb5 a6 8. Ba4 e6 9. Ne5 Qc7 10. 0-0 Rd8 11. Nd2 Nf6 12. c4 dxc4 13. Qf3 Rxd2 14. Nxc6 Rxb2 15. Ne5+ Ke7 16. Qf4 Bd5 17. Ng6+ Kd8 18. Qxc7+ Kxc7 19. Nxh8 e5 20. bxc4 Be6 21. f4 Bf5 22. Nxf7 exf4 23. exf4 Ng4 24. Ng5 g6 25. h3 Ne3 26. Rf2 Bg7 27. Rxb2 Bxb2 28. Rb1 Bd4 29. Re1 Nc2+ 30. Kf1 Bd3+ 31. Re2 Ne3+ 32. Ke1 Bxe2 33. Kxe2 Nxg2 34. Ne6+ Kd6 35. Nxd4 cxd4 36. Kd3 Kc5 37. Ke4 Nh4 38. Bb3 Nf5 39. a3 Nd6+ 40. Kd3 a5 41. Ba2 h6 42. h4 Nf5 43. h5 gxh5 44. Ke4 Nd6+ 45. Ke5 a4 46. f5 d3 47. Bb1 d2 48. Bc2 Nxc4+ 49. Ke6 Ne3 50. Bxa4 Nd5 51. f6 Nxf6 52. Kxf6 h4 53. Kf5 h3 54. Kg4 h2 55. Bd1 h1Q 0-1

[Event "Warsaw Szansa rapid op"]
[Site "Warsaw"]
[Date "2023.09.17"]
[Round "9"]
[White "Bartel, Marta"]
[Black "Lewicki, Miroslaw"]
[Result "1-0"]
[WhiteElo "2190"]
[BlackElo "2339"]
[PlyCount "147"]
[EventDate "2023.09.17"]
[EventType "swiss (rapid)"]
[EventRounds "9"]
[EventCountry "POL"]
[SourceTitle "EXT 2024"]
[Source "ChessBase"]
[SourceDate "2023.10.10"]
[SourceVersion "1"]
[SourceVersionDate "2023.10.10"]
[SourceQuality "1"]

1. d4 Nf6 2. Nf3 e6 3. c4 d5 4. Nc3 Bb4 5. Qa4+ Nc6 6. e3 Bxc3+ 7. bxc3 0-0 8. Be2 Bd7 9. Qc2 Re8 10. 0-0 Ne7 11. cxd5 exd5 12. c4 dxc4 13. Bxc4 Bc6 14. Qb3 Bd5 15. Ba3 Bxc4 16. Qxc4 Ned5 17. Rab1 Nb6 18. Qc2 c6 19. Ne5 Nfd5 20. Bc5 Qc7 21. a4 Nd7 22. Nf3 b6 23. Ba3 Rac8 24. Rfc1 N5f6 25. h3 Ne4 26. Ne5 Nxe5 27. Qxe4 Nd7 28. Qd3 Nf6 29. a5 Qb7 30. axb6 axb6 31. Bc5 b5 32. Ra1 Qd7 33. Ra7 Qd5 34. Qe2 Ne4 35. Qf3 h6 36. Re7 Rxe7 37. Bxe7 Re8 38. Bc5 Re6 39. Qe2 Rg6 40. f3 Ng5 41. Kh1 Qf5 42. h4 Ne6 43. Be7 Qh5 44. Rxc6 Kh7 45. Rc1 f6 46. Qf2 Qd5 47. Bc5 f5 48. Bb4 f4 49. e4 Qxd4 50. Qxd4 Nxd4 51. Rb1 Rc6 52. Bd2 g5 53. hxg5 hxg5 54. Ba5 Rc2 55. Bb6 Ne2 56. Rxb5 Kg6 57. Kh2 Rc1 58. Bd8 Ng3 59. Rxg5+ Kf7 60. Rxg3 fxg3+ 61. Kxg3 Rc8 62. Bg5 Ke6 63. Be3 Rg8+ 64. Kf2 Ke5 65. g3 Ra8 66. Bf4+ Kd4 67. g4 Rg8 68. Kg3 Kc5 69. g5 Kc6 70. Kg4 Kd7 71. Be3 Re8 72. Bd4 Ke6 73. f4 Kf7 74. Be5 1-0

[Event "Warsaw Szansa rapid op"]
[Site "Warsaw"]
[Date "2023.09.17"]
[Round "4"]
[White "Lewicki, Miroslaw"]
[Black "Kroliczek, Gabriela"]
[Result "1-0"]
[WhiteElo "2339"]
[BlackElo "1956"]
[PlyCount "69"]
[EventDate "2023.09.17"]
[EventType "swiss (rapid)"]
[EventRounds "9"]
[EventCountry "POL"]
[SourceTitle "EXT 2024"]
[Source "ChessBase"]
[SourceDate "2023.10.10"]
[SourceVersion "1"]
[SourceVersionDate "2023.10.10"]
[SourceQuality "1"]

1. g3 d5 2. Bg2 Nf6 3. Nf3 Nbd7 4. 0-0 e5 5. d3 g6 6. Nc3 Bg7 7. e4 c6 8. exd5 cxd5 9. Re1 0-0 10. Nxe5 Nxe5 11. Rxe5 d4 12. Ne4 Ng4 13. Rc5 Be6 14. Ng5 Qf6 15. Qf3 Qe7 16. Rb5 Bd7 17. Rxb7 Qe1+ 18. Bf1 Bc6 19. Qxg4 Bxb7 20. Qd7 Bc8 21. Qd5 Bg4 22. b3 Qc3 23. Nxf7 Rxf7 24. Qxa8+ Bf8 25. Bh6 Qxa1 26. Bxf8 Rxf8 27. Qd5+ Kg7 28. Qe5+ Rf6 29. Qe7+ Rf7 30. Qe5+ Kh6 31. f4 Bf5 32. g4 Qd1 33. h3 Qf3 34. g5+ Kh5 35. Be2 1-0

[Event "Warsaw Szansa blitz op"]
[Site "Warsaw"]
[Date "2023.09.16"]
[Round "13"]
[White "Drozdowski, Konrad"]
[Black "Lewicki, Miroslaw"]
[Result "1-0"]
[WhiteElo "2104"]
[BlackElo "2339"]
[PlyCount "95"]
[EventDate "2023.09.16"]
[EventType "swiss (blitz)"]
[EventRounds "13"]
[EventCountry "POL"]
[SourceTitle "EXT 2024"]
[Source "ChessBase"]
[SourceDate "2023.10.10"]
[SourceVersion "1"]
[SourceVersionDate "2023.10.10"]
[SourceQuality "1"]

1. Nf3 Nf6 2. g3 d5 3. Bg2 c5 4. 0-0 Nc6 5. d4 cxd4 6. Nxd4 e6 7. c4 Bc5 8. Nb3 Be7 9. cxd5 exd5 10. Nc3 Be6 11. Bf4 0-0 12. Rc1 Rc8 13. Na4 b6 14. Nd4 Nxd4 15. Qxd4 Rc4 16. Qd1 h6 17. b3 Rxc1 18. Qxc1 Qd7 19. Rd1 Rc8 20. Qb2 Nh5 21. Be5 Nf6 22. Nc3 Ng4 23. Bd4 Bf6 24. Bxf6 Nxf6 25. e3 Qc6 26. Ne2 Bg4 27. Rc1 Qd6 28. Rxc8+ Bxc8 29. Qd4 Be6 30. Nc3 Qa3 31. Qd2 Qc5 32. h3 Kf8 33. Na4 Qd6 34. Qd4 Ke7 35. Nc3 Qc5 36. Qd2 a6 37. Na4 Qd6 38. Qd4 b5 39. Nc5 g6 40. b4 h5 41. a4 bxa4 42. Nxa4 Nd7 43. Bf1 Ne5 44. Qa7+ Kf6 45. Nc5 Nf3+ 46. Kh1 Qe5 47. Qxa6 h4 48. Nd7+ 1-0

[Event "Warsaw Szansa blitz op"]
[Site "Warsaw"]
[Date "2023.09.16"]
[Round "4"]
[White "Janik, Igor"]
[Black "Lewicki, Miroslaw"]
[Result "1-0"]
[WhiteElo "2517"]
[BlackElo "2339"]
[PlyCount "95"]
[EventDate "2023.09.16"]
[EventType "swiss (blitz)"]
[EventRounds "13"]
[EventCountry "POL"]
[SourceTitle "EXT 2024"]
[Source "ChessBase"]
[SourceDate "2023.10.10"]
[SourceVersion "1"]
[SourceVersionDate "2023.10.10"]
[SourceQuality "1"]

1. c4 Nf6 2. Nf3 e6 3. g3 d5 4. Bg2 Be7 5. 0-0 0-0 6. d3 c5 7. Ne5 Nbd7 8. Nxd7 Bxd7 9. Nc3 Bc6 10. Bg5 h6 11. Bxf6 Bxf6 12. cxd5 exd5 13. Qb3 d4 14. Ne4 Be7 15. Rac1 Qb6 16. Qc2 Rac8 17. b3 Rfe8 18. Rfe1 Qa5 19. Nd2 Bxg2 20. Kxg2 Bg5 21. f4 Bf6 22. Ne4 Be7 23. Qd2 Qd8 24. Kg1 f5 25. Nf2 Bf6 26. Rc2 Re3 27. Nd1 Re6 28. Nb2 Qe7 29. Qa5 b6 30. Qa6 Re8 31. Qc4 Kh7 32. Qd5 g6 33. Nc4 h5 34. a4 h4 35. Kf2 a6 36. a5 b5 37. Nb6 c4 38. bxc4 Qb4 39. cxb5 Qxa5 40. Nd7 Bg7 41. Nc5 Re3 42. bxa6 Rc8 43. gxh4 Bf6 44. Qf7+ Bg7 45. Ne6 Rxe6 46. Rxc8 Re3 47. h5 gxh5 48. Qxh5+ 1-0

[Event "Warsaw Szansa blitz op"]
[Site "Warsaw"]
[Date "2023.09.16"]
[Round "9"]
[White "Lewicki, Miroslaw"]
[Black "Slomczewski, Michal"]
[Result "0-1"]
[WhiteElo "2339"]
[BlackElo "2106"]
[PlyCount "88"]
[EventDate "2023.09.16"]
[EventType "swiss (blitz)"]
[EventRounds "13"]
[EventCountry "POL"]
[SourceTitle "EXT 2024"]
[Source "ChessBase"]
[SourceDate "2023.10.10"]
[SourceVersion "1"]
[SourceVersionDate "2023.10.10"]
[SourceQuality "1"]

1. e4 c5 2. Nf3 e6 3. c4 Nc6 4. Nc3 g6 5. d4 cxd4 6. Nxd4 e5 7. Ndb5 a6 8. Nd6+ Bxd6 9. Qxd6 Qe7 10. Qd1 d6 11. Nd5 Qd8 12. Be3 Kf8 13. Bb6 Qh4 14. Bd3 Bg4 15. Qd2 Nf6 16. g3 Nxd5 17. gxh4 Nxb6 18. Rg1 h5 19. Be2 Nd4 20. Bxg4 hxg4 21. Qd3 Rxh4 22. 0-0-0 Rh3 23. Rg3 Rxh2 24. Rxg4 Rc8 25. b3 Rxf2 26. Rh1 Ke7 27. Qg3 Rxa2 28. Kb1 Ra3 29. Rh3 Nxc4 30. Qh4+ Kd7 31. Qh7 Nd2+ 32. Kb2 Rxb3+ 33. Rxb3 N2xb3 34. Qxf7+ Kc6 35. Rxg6 Kb6 36. Rxd6+ Ka7 37. Rd7 Rc2+ 38. Ka3 Nc5 39. Rc7 Rc3+ 40. Kb2 Rb3+ 41. Kc1 Nxe4 42. Rc4 Nd6 43. Qd5 Nxc4 44. Qc5+ Rb6 0-1

[Event "Titled Tuesday intern op 12th Sep Late"]
[Site "Chess.com INT"]
[Date "2023.09.12"]
[Round "1"]
[White "Filali, Razzouki Marouan"]
[Black "Lewicki, Miroslaw"]
[Result "1-0"]
[WhiteElo "2234"]
[BlackElo "2339"]
[PlyCount "159"]
[EventDate "2023.09.12"]
[EventType "swiss (blitz)"]
[EventRounds "11"]
[EventCountry "USA"]
[SourceTitle "EXT 2024"]
[Source "ChessBase"]
[SourceDate "2023.10.10"]
[SourceVersion "1"]
[SourceVersionDate "2023.10.10"]
[SourceQuality "1"]

1. e4 c5 2. Nf3 d6 3. d4 cxd4 4. Nxd4 Nf6 5. Nc3 a6 6. Bg5 e6 7. f4 Qb6 8. Qd2 Qxb2 9. Rb1 Qa3 10. f5 Nc6 11. Nxc6 bxc6 12. fxe6 Bxe6 13. Bd3 Be7 14. Rb7 Bd8 15. 0-0 Ba5 16. Rxf6 Bxc3 17. Rxe6+ fxe6 18. Re7+ Kd8 19. Qf2 Kc8 20. Qf7 Qb4 21. Qxe6+ Kb8 22. Bf4 Bd4+ 23. Kf1 Rf8 24. Re8+ Rxe8 25. Qxe8+ Kb7 26. Qd7+ Kb6 27. Bxd6 Qb1+ 28. Ke2 Ka5 29. Qf5+ Ka4 30. Qd7 Qb6 31. Qe6 Rd8 32. Qc4+ Ka5 33. a3 Rxd6 34. c3 Bc5 35. e5 Rd5 36. Kf3 Rxe5 37. Kf4 Rd5 38. Kf3 Rxd3+ 39. Qxd3 Qb5 40. c4 Qa4 41. Qc3+ Kb6 42. Qb2+ Kc7 43. Qxg7+ Kb8 44. Qg8+ Kb7 45. Qxh7+ Kc8 46. Qf5+ Kc7 47. Qxc5 Qb3+ 48. Kf4 Qd1 49. h4 Qf1+ 50. Kg3 Qd3+ 51. Kg4 Qe4+ 52. Kg5 Qxg2+ 53. Kh6 Qd2+ 54. Kh7 Qf4 55. h5 Qf7+ 56. Kh6 Qf6+ 57. Kh7 Qf7+ 58. Kh8 Qe8+ 59. Kg7 Qd7+ 60. Kf6 Qh3 61. Qe5+ Kb6 62. Qd4+ Kb7 63. Kg6 Qg2+ 64. Kf5 Qf3+ 65. Kg5 Qg2+ 66. Qg4 Qd2+ 67. Kg6 Qc2+ 68. Kg7 Qc3+ 69. Kg8 Qxa3 70. h6 Qe7 71. h7 Qe8+ 72. Kg7 Qe7+ 73. Kh6 Qf6+ 74. Qg6 Qh4+ 75. Kg7 Qd4+ 76. Qf6 Qg4+ 77. Kf8 Qc8+ 78. Kf7 Qd7+ 79. Qe7 Qxe7+ 80. Kxe7 1-0

[Event "Katowice POL-HUN 10th"]
[Site "Katowice"]
[Date "2023.09.09"]
[Round "4"]
[White "Terkiewicz, Bruno"]
[Black "Lewicki, Miroslaw"]
[Result "0-1"]
[WhiteElo "1887"]
[BlackElo "2339"]
[PlyCount "74"]
[EventDate "2023.09.09"]
[EventType "swiss (rapid)"]
[EventRounds "9"]
[EventCountry "POL"]
[SourceTitle "EXT 2024"]
[Source "ChessBase"]
[SourceDate "2023.10.10"]
[SourceVersion "1"]
[SourceVersionDate "2023.10.10"]
[SourceQuality "1"]

1. e4 c5 2. Nf3 d6 3. d4 cxd4 4. Nxd4 Nf6 5. Nc3 a6 6. Rg1 Qc7 7. g4 h6 8. h4 e5 9. Nb3 Be6 10. g5 hxg5 11. hxg5 Nh5 12. Nd5 Bxd5 13. Qxd5 Nc6 14. c3 g6 15. a4 Nf4 16. Qd1 0-0-0 17. Bxf4 exf4 18. Bc4 Ne5 19. Bd5 Rh3 20. Nd4 Bg7 21. Ra3 Rd3 22. Qb1 Rh8 23. Rb3 b6 24. Nc6 Nf3+ 25. Ke2 Rd2+ 26. Kxf3 Qd7 27. Qf1 Rh3+ 28. Rg3 Rxf2+ 29. Kxf2 fxg3+ 30. Kg2 b5 31. Qxf7 Rh2+ 32. Kg1 Rh1+ 33. Kxh1 Qh3+ 34. Kg1 Qh2+ 35. Kf1 g2+ 36. Ke2 g1Q+ 37. Kd3 Qgg3+ 0-1

[Event "Vienna Ottakring 100 Years"]
[Site "Vienna"]
[Date "2023.08.30"]
[Round "5"]
[White "Janzelj, Tim"]
[Black "Lewicki, Miroslaw"]
[Result "1-0"]
[WhiteElo "2458"]
[BlackElo "2339"]
[PlyCount "81"]
[EventDate "2023.08.26"]
[EventType "swiss"]
[EventRounds "9"]
[EventCountry "AUT"]
[SourceTitle "EXT 2024"]
[Source "ChessBase"]
[SourceDate "2023.10.10"]
[SourceVersion "1"]
[SourceVersionDate "2023.10.10"]
[SourceQuality "1"]

1. e4 c5 2. c3 Nf6 3. e5 Nd5 4. Nf3 Nc6 5. Bc4 Nb6 6. Bb3 c4 7. Bc2 d6 8. exd6 Qxd6 9. 0-0 g6 10. Na3 Bg7 11. Qe2 Be6 12. b3 cxb3 13. axb3 0-0 14. Nc4 Nxc4 15. bxc4 Rfc8 16. Ng5 Bf5 17. Bxf5 gxf5 18. d4 e5 19. d5 Nb8 20. Ba3 Qg6 21. Nf3 Nd7 22. Be7 Qg4 23. Qb2 b6 24. Qb5 Nc5 25. h3 Qg6 26. Nh4 Qh5 27. d6 a6 28. Qxb6 Rab8 29. Qa5 e4 30. Rab1 Rxb1 31. Rxb1 Be5 32. d7 Nxd7 33. Qd5 Rc7 34. Bd6 Bxd6 35. Qxd6 Ra7 36. Rb8+ Nxb8 37. Qxb8+ Kg7 38. Qe5+ f6 39. Nxf5+ Kg6 40. Qe8+ Kg5 41. h4+ 1-0

[Event "Opole AZS op 1st"]
[Site "Opole"]
[Date "2023.08.15"]
[Round "1"]
[White "Janus, Tomasz1111"]
[Black "Lewicki, Miroslaw"]
[Result "0-1"]
[WhiteElo "1334"]
[BlackElo "2358"]
[PlyCount "74"]
[EventDate "2023.08.15"]
[EventType "swiss (rapid)"]
[EventRounds "9"]
[EventCountry "POL"]
[SourceTitle "EXT 2024"]
[Source "ChessBase"]
[SourceDate "2023.10.10"]
[SourceVersion "1"]
[SourceVersionDate "2023.10.10"]
[SourceQuality "1"]

1. e4 c5 2. Nf3 d6 3. d4 cxd4 4. Nxd4 Nf6 5. Nc3 a6 6. Be2 e5 7. Nb3 Be7 8. Be3 0-0 9. 0-0 Be6 10. Qd2 Nbd7 11. Rfd1 Rc8 12. f3 Qc7 13. Nc1 b5 14. Nd3 Nb6 15. Nb4 Nc4 16. Bxc4 Qxc4 17. a3 a5 18. Nbd5 Nxd5 19. Nxd5 Bxd5 20. Qxd5 Qxc2 21. Qxb5 Rb8 22. Qf1 Rxb2 23. Rd2 Qb3 24. Rxb2 Qxb2 25. Qc1 Qb3 26. a4 Rb8 27. Bd2 Bd8 28. Qa3 Bb6+ 29. Kf1 Qc4+ 30. Ke1 Qd4 31. g4 Bc5 32. Qc3 Qf2+ 33. Kd1 Bd4 34. Qc7 Qxf3+ 35. Kc1 Bb2+ 36. Kc2 Qb3+ 37. Kb1 Ba3# 0-1

[Event "Titled Tuesday intern op 08th Aug Early"]
[Site "Chess.com INT"]
[Date "2023.08.08"]
[Round "1"]
[White "Lewicki, Miroslaw"]
[Black "Pakhomova, Ekaterina"]
[Result "1/2-1/2"]
[WhiteElo "2339"]
[BlackElo "2030"]
[PlyCount "159"]
[EventDate "2023.08.08"]
[EventType "swiss (blitz)"]
[EventRounds "11"]
[EventCountry "USA"]
[SourceTitle "EXT 2024"]
[Source "ChessBase"]
[SourceDate "2023.10.10"]
[SourceVersion "1"]
[SourceVersionDate "2023.10.10"]
[SourceQuality "1"]

1. g3 d5 2. Bg2 Nf6 3. Nf3 Bf5 4. 0-0 e6 5. d3 Nbd7 6. Nbd2 h6 7. b3 Bd6 8. Bb2 0-0 9. Re1 Bh7 10. e4 dxe4 11. dxe4 e5 12. Nc4 Nxe4 13. Nfxe5 Nxe5 14. Bxe4 Nxc4 15. Bxh7+ Kxh7 16. Qd3+ Kg8 17. Qxc4 Qg5 18. Rad1 Rae8 19. Qd4 b6 20. Kg2 Bc5 21. Qc3 f6 22. Rxe8 Rxe8 23. Rd7 Qf5 24. Qd2 Qe4+ 25. Kh3 Qf5+ 26. Kh4 Bxf2 27. Qd5+ Qxd5 28. Rxd5 Re2 29. Kh5 Rxc2 30. Kg6 Kf8 31. Ba3+ c5 32. Rd7 Rxa2 33. Bc1 Bd4 34. Rxg7 Rxh2 35. Bxh6 Ke8 36. Rxa7 Rb2 37. Kf5 Rxb3 38. Ke6 Kd8 39. Rh7 Kc8 40. Bf4 Be5 41. Bxe5 fxe5 42. g4 Rg3 43. Kf5 e4 44. Kf4 Rg1 45. g5 e3 46. Kxe3 Rxg5 47. Kd3 Rd5+ 48. Kc4 Rd6 49. Kb5 Kb8 50. Rg7 Kc8 51. Rh7 Rd7 52. Rh6 Rb7 53. Rh8+ Kc7 54. Rh7+ Kb8 55. Rh8+ Ka7 56. Rg8 Rc7 57. Rg4 Kb7 58. Rh4 Rd7 59. Rg4 Rd4 60. Rg7+ Kc8 61. Kxb6 c4 62. Rc7+ Kd8 63. Rc5 Kd7 64. Kb5 Kd6 65. Rc8 Kd5 66. Kb4 Re4 67. Rd8+ Ke5 68. Kc3 Kf4 69. Rf8+ Ke3 70. Rh8 Rf4 71. Rh3+ Ke4 72. Kxc4 Kf5+ 73. Kc5 Kg4 74. Rh7 Rf5+ 75. Kd4 Kg5 76. Ke4 Rf4+ 77. Ke5 Rf5+ 78. Ke4 Rf4+ 79. Ke5 Rf5+ 80. Ke4 1/2-1/2

[Event "Titled Tuesday intern op 01st Aug Early"]
[Site "Chess.com INT"]
[Date "2023.08.01"]
[Round "1"]
[White "Lopez del Alamo, Antonio"]
[Black "Lewicki, Miroslaw"]
[Result "0-1"]
[WhiteElo "2267"]
[BlackElo "2339"]
[PlyCount "86"]
[EventDate "2023.08.01"]
[EventType "swiss (blitz)"]
[EventRounds "11"]
[EventCountry "USA"]
[SourceTitle "EXT 2024"]
[Source "ChessBase"]
[SourceDate "2023.10.10"]
[SourceVersion "1"]
[SourceVersionDate "2023.10.10"]
[SourceQuality "1"]

1. e4 c5 2. Nf3 d6 3. d4 cxd4 4. Nxd4 Nf6 5. Nc3 a6 6. Be2 e5 7. Nb3 Be7 8. Be3 0-0 9. g4 Nc6 10. g5 Nd7 11. Qd2 Nc5 12. 0-0-0 Nxb3+ 13. axb3 Nd4 14. h4 Nxe2+ 15. Qxe2 Be6 16. Kb1 Rc8 17. Nd5 Bxd5 18. Rxd5 f5 19. exf5 Rxf5 20. Rhd1 Qc7 21. c3 Rcf8 22. Qg4 Qc8 23. Qe4 Qe8 24. b4 Qa4 25. Qc2 Qc6 26. Qd3 g6 27. b5 axb5 28. Qxb5 Rf3 29. Qb3 Kg7 30. c4 Rh3 31. c5 dxc5 32. Rd7 Rf7 33. R1d6 Qe4+ 34. Ka2 Rxh4 35. Qe6 Qa4+ 36. Kb1 Rh1+ 37. Bc1 Qe4+ 38. Ka2 Rxc1 39. Qb3 Qb1+ 40. Ka3 Qa1+ 41. Qa2 Qxa2+ 42. Kxa2 Bxd6 43. Rxd6 Rxf2 0-1

[Event "Titled Tuesday intern op 01st Aug Early"]
[Site "Chess.com INT"]
[Date "2023.08.01"]
[Round "4"]
[White "Zhigalko, Sergei"]
[Black "Lewicki, Miroslaw"]
[Result "1-0"]
[WhiteElo "2572"]
[BlackElo "2339"]
[PlyCount "43"]
[EventDate "2023.08.01"]
[EventType "swiss (blitz)"]
[EventRounds "11"]
[EventCountry "USA"]
[SourceTitle "EXT 2024"]
[Source "ChessBase"]
[SourceDate "2023.10.10"]
[SourceVersion "1"]
[SourceVersionDate "2023.10.10"]
[SourceQuality "1"]

1. e4 c5 2. Nf3 d6 3. d4 cxd4 4. Qxd4 Bd7 5. Bc4 Nc6 6. Qd3 Nf6 7. Nc3 e6 8. Bf4 Qb6 9. 0-0-0 Na5 10. Bb3 Nxb3+ 11. axb3 e5 12. Bg5 Qxf2 13. Nxe5 Be6 14. Bxf6 Qc5 15. Nxf7 Bxf7 16. Bd4 Qc6 17. Rhf1 Be7 18. Bxg7 Rg8 19. Bf6 Bf8 20. e5 dxe5 21. Qd8+ Rxd8 22. Rxd8# 1-0

[Event "Titled Tuesday intern op 25th Jul Early"]
[Site "Chess.com INT"]
[Date "2023.07.25"]
[Round "2"]
[White "Bluebaum, Matthias"]
[Black "Lewicki, Miroslaw"]
[Result "1-0"]
[WhiteElo "2672"]
[BlackElo "2339"]
[PlyCount "79"]
[EventDate "2023.07.25"]
[EventType "swiss (blitz)"]
[EventRounds "11"]
[EventCountry "USA"]
[SourceTitle "EXT 2024"]
[Source "ChessBase"]
[SourceDate "2023.10.10"]
[SourceVersion "1"]
[SourceVersionDate "2023.10.10"]
[SourceQuality "1"]

1. d4 Nf6 2. c4 e6 3. Nc3 d5 4. cxd5 exd5 5. Bg5 Be7 6. e3 0-0 7. Bd3 Nbd7 8. Qc2 h6 9. Bf4 c6 10. h3 Nb6 11. Nf3 Bd6 12. Ne5 Nc4 13. Bh2 Bxe5 14. dxe5 Nd7 15. Bxc4 dxc4 16. 0-0 Nc5 17. Rad1 Qa5 18. f4 Nd3 19. b3 Qc5 20. bxc4 Qxe3+ 21. Kh1 Bf5 22. Rf3 Ne1 23. Rxe3 Nxc2 24. Re2 Rfd8 25. Red2 Rxd2 26. Rxd2 Ne3 27. c5 Be6 28. g4 b6 29. f5 Bd5+ 30. Nxd5 Nxd5 31. Kg2 b5 32. Kf3 a5 33. Ke4 b4 34. e6 fxe6 35. fxe6 a4 36. Ke5 b3 37. axb3 a3 38. Kd6 a2 39. Be5 Nb4 40. e7 1-0

[Event "Titled Tuesday intern op 18th Jul Late"]
[Site "Chess.com INT"]
[Date "2023.07.18"]
[Round "1"]
[White "Bueno, Alfeu Varela Jr"]
[Black "Lewicki, Miroslaw"]
[Result "1-0"]
[WhiteElo "2135"]
[BlackElo "2339"]
[PlyCount "61"]
[EventDate "2023.07.18"]
[EventType "swiss (blitz)"]
[EventRounds "11"]
[EventCountry "USA"]
[SourceTitle "EXT 2024"]
[Source "ChessBase"]
[SourceDate "2023.10.10"]
[SourceVersion "1"]
[SourceVersionDate "2023.10.10"]
[SourceQuality "1"]

1. e4 b5 2. Bxb5 Bb7 3. Nc3 a6 4. Bc4 e6 5. Nf3 Nf6 6. Qe2 Be7 7. d4 d5 8. Bd3 dxe4 9. Nxe4 0-0 10. 0-0 Nc6 11. c3 Nd5 12. Bg5 f6 13. Bd2 Qd7 14. Rae1 Rae8 15. Bxa6 Bxa6 16. Qxa6 Ra8 17. Qc4 Na5 18. Qd3 Qa4 19. a3 Nb3 20. c4 Nb6 21. c5 Nd5 22. Nc3 Nxc3 23. Bxc3 Qd7 24. Qc4 Rfb8 25. Rxe6 Kf8 26. Rfe1 Bd8 27. c6 Qf7 28. Bb4+ Be7 29. Bxe7+ Kg8 30. Bb4 Na5 31. Bxa5 1-0

[Event "Malopolska-ch"]
[Site "Krakow"]
[Date "2023.06.11"]
[Round "7"]
[White "Hnatyshyn, Anastasiya"]
[Black "Lewicki, Miroslaw"]
[Result "1/2-1/2"]
[WhiteElo "2127"]
[BlackElo "2359"]
[PlyCount "96"]
[EventDate "2023.06.08"]
[EventType "swiss"]
[EventRounds "7"]
[EventCountry "POL"]
[SourceTitle "CBM 214 Extra"]
[Source "ChessBase"]
[SourceDate "2023.07.31"]
[SourceVersion "1"]
[SourceVersionDate "2023.07.31"]
[SourceQuality "1"]

1. e4 c5 2. Nf3 d6 3. d4 cxd4 4. Nxd4 Nf6 5. Nc3 a6 6. g3 g6 7. Bg2 Bg7 8. 0-0 0-0 9. a4 Nbd7 10. a5 Ne5 11. b3 Bd7 12. Nd5 Nc6 13. Nxc6 bxc6 14. Nxf6+ Bxf6 15. Ra2 Rb8 16. Bd2 c5 17. Qe2 c4 18. Rb1 Be6 19. Ra3 Qd7 20. b4 h5 21. f4 Rb5 22. Be1 Kg7 23. h4 Rc8 24. Rd1 Bb2 25. Qe3 Bxa3 26. f5 c3 27. Bxc3+ f6 28. Bd2 Bxf5 29. exf5 Qxf5 30. Qxe7+ Kh8 31. Bc3 Re5 32. Bxe5 Qxe5 33. Qxd6 Qxd6 34. Rxd6 Kg7 35. Rd7+ Kh6 36. b5 axb5 37. a6 Rxc2 38. a7 Bc5+ 39. Kh2 Bxa7 40. Rxa7 b4 41. Rb7 Rc4 42. Bd5 Rd4 43. Bf7 Rg4 44. Rb6 f5 45. Kh3 Kg7 46. Be8 Kh6 47. Bf7 Kg7 48. Be8 Kh6 1/2-1/2